Catalog

Record Details

Catalog Search



New Testament theology : basic issues in the current debate Cover Image Book Book

New Testament theology : basic issues in the current debate by Gerhard F. Hasel

Hasel, Gerhard F. (Author).

Record details

  • ISBN: 0-8028-1733-5
  • Physical Description: 254 p.
  • Publisher: Grand Rapids, Michigan William B. Eerdmans 1993

Available copies

  • 1 of 1 copy available at Common Catalog SPOK.

Holds

  • 0 current holds with 1 total copy.
Show Only Available Copies
Location Call Number / Copy Notes Barcode Shelving Location Status Due Date
ETS Library 230.0415 424470004892 Volný výběr Available -

LDR 00693nam a2 00229
00140605
003CZ-PrJAB
00520030808000000.0
008030808s1993 xxu e |||| |eng
009us
020 . ‡a0-8028-1733-5
035 . ‡a(CONS)6436
035 . ‡aKPS3702
041 . ‡aeng
08214. ‡a230.0415
100 . ‡71239 ‡aHasel, Gerhard F.
245 . ‡aNew Testament theology : ‡bbasic issues in the current debate ‡cby Gerhard F. Hasel
260 . ‡aGrand Rapids, Michigan ‡bWilliam B. Eerdmans ‡c1993
300 . ‡a254 p.
653 . ‡aNew Testament theology ‡abasic issues in the current debate
8524 . ‡bETS ‡bETS ‡cVolný výběr ‡j230.0415 ‡gA ‡p424470004892
910 . ‡aABG450
999 . ‡a6436 ‡bAUTOGEN ‡c6436 ‡tbiblio
905 . ‡uadmin
901 . ‡a40605 ‡b ‡c40605 ‡tbiblio ‡sets

Additional Resources